000
00343nam a2200121Ia 4500
008
200619s9999 xx 000 0 und d
100
_a
Nagabhushana D. S.
245
0
_a
Lohia : Vyakthi – Vichara – Vimarsa
264
_b
Lohia PrakashanaKshithija
300
_a
288
942
_c
IR
999
_c
120196
_d
120196